000 01316cam a22002771ia4500
003 SA-RiAUC
005 20251021071649.0
008 251020s2004 su f i100 0 ara c
040 _aSA-JeALM
_bara
_cSA-RiAUC
_erda
050 4 _b.M35 2002
082 0 4 _a250
_qSA-RiAUC
090 _a250
_bم ج م
110 2 _aالمجمع الفقهي الإسلامي (رابطة العالم الإسلامي).
_bدورة
_n(16 :
_d1422 هجري :
_cمكة المكرمة)
245 1 0 _aأعمال وبحوث الدورة السادسة عشرة للمجمع الفقهي الإسلامي في مكة المكرمة /
_cالمجمع الفقهي الإسلامي.
250 _aالطبعة الأولى.
264 1 _aمكة المكرمة :
_bالمجمع الفقهي الإسلامي،
_c2002
300 _a3 مجلد ؛
_c24 سم
336 _aنص
_btxt
_2rdacontent
_3كتاب
337 _aبدون وسيط
_bn
_2rdamedia
338 _aمجلد
_bnc
_2rdacarrier
650 7 _aالفقه الإسلامي
_xبحوث
_vمؤتمرات
_2aucsh
650 7 _aالشريعة الإسلامية
_xبحوث
_vمؤتمرات
_2aucsh
710 2 _aالمجمع الفقهي الإسلامي (رابطة العالم الإسلامي)
_eمنظم.
942 _2ddc
_cBOOK
_n0
949 _aSA-JeALM
_d251020
_umohamedma123
_n1
999 _c12660
_d12660